[Event "GER HS-247 email"]
[Site "GER email"]
[Date "2018.11.18"]
[Round "?"]
[White "Mislin, Roger"]
[Black "Ruppelt, Karl Heinz"]
[Result "1/2-1/2"]
[WhiteElo "2050"]
[BlackElo "1884"]
[PlyCount "101"]
[EventDate "2018.11.25"]
[EventType "tourn (corr)"]
[EventRounds "6"]
[EventCountry "GER"]
[SourceTitle "Corr 2022"]
[Source "ChessBase"]
[SourceDate "2021.10.24"]
[SourceVersion "1"]
[SourceVersionDate "2021.10.24"]
[SourceQuality "1"]

1. d4 d5 2. c4 e6 3. Nf3 c5 4. cxd5 exd5 5. g3 Nf6 6. Bg2 c4 7. 0-0 Be7 8. Nc3 0-0 9. Ne5 Nc6 10. b3 Bb4 11. Bb2 Qa5 12. Rc1 cxb3 13. axb3 Be6 14. e3 Rfc8 15. Ne2 Ne7 16. Nf4 Rxc1 17. Bxc1 Bc8 18. g4 Bd6 19. h3 Qb5 20. Re1 Ng6 21. Qd3 Qxd3 22. Nfxd3 Nh4 23. Bh1 Ne4 24. Nf4 Be6 25. f3 Ng3 26. Bg2 g5 27. Nxe6 Bb4 28. Rd1 Ne2+ 29. Kf2 Nc3 30. Rg1 fxe6 31. Bd2 Rf8 32. Bxc3 Bxc3 33. Rc1 Bd2 34. Rc2 Ba5 35. Bf1 Ng6 36. Nd7 Rf7 37. Rc8+ Kg7 38. Nc5 e5 39. dxe5 Nxe5 40. f4 gxf4 41. Ne6+ Kf6 42. Nxf4 Ke7 43. Kg2 Kd6 44. Re8 Bc7 45. g5 Kd7 46. Bb5+ Nc6 47. Rh8 Be5 48. Rg8 a6 49. Be2 d4 50. Bh5 Rg7 51. Rxg7+ 1/2-1/2

[Event "GER HS-247 email"]
[Site "GER email"]
[Date "2018.11.18"]
[Round "?"]
[White "Ruppelt, Karl Heinz"]
[Black "Froembgen, Andreas"]
[Result "1/2-1/2"]
[WhiteElo "1884"]
[BlackElo "1771"]
[PlyCount "93"]
[EventDate "2018.11.25"]
[EventType "tourn (corr)"]
[EventRounds "6"]
[EventCountry "GER"]
[SourceTitle "Corr 2022"]
[Source "ChessBase"]
[SourceDate "2021.10.24"]
[SourceVersion "1"]
[SourceVersionDate "2021.10.24"]
[SourceQuality "1"]

1. e4 d6 2. d4 Nf6 3. Nc3 e5 4. dxe5 dxe5 5. Qxd8+ Kxd8 6. Nf3 Bd6 7. Be3 h6 8. 0-0-0 Ke7 9. Nd2 Be6 10. f3 Nbd7 11. Nc4 Bxc4 12. Bxc4 Bc5 13. Bd2 c6 14. a4 a5 15. Ne2 Ne8 16. Kb1 Nd6 17. Bd3 Rhd8 18. g4 Bb6 19. h4 Nc5 20. b3 Bc7 21. Ng3 b5 22. Be3 Nxd3 23. Rxd3 bxa4 24. bxa4 Rab8+ 25. Rb3 Ke8 26. Rd1 Nc4 27. Rxd8+ Rxd8 28. Nf5 Rd1+ 29. Ka2 Nxe3 30. Rxe3 g6 31. Nxh6 Rd4 32. Kb2 Rxa4 33. Rb3 Rb4 34. Rxb4 axb4 35. g5 Bb6 36. Kb3 Bf2 37. Ng4 Bxh4 38. Nxe5 c5 39. Kc4 Bxg5 40. Kxc5 Ke7 41. Kxb4 Ke6 42. Nd3 f5 43. f4 Be7+ 44. Nc5+ Kd6 45. Kc4 fxe4 46. Nxe4+ Ke6 47. Kd3 1/2-1/2

[Event "GER HS-247 email"]
[Site "GER email"]
[Date "2018.11.18"]
[Round "?"]
[White "Ruppelt, Karl Heinz"]
[Black "Socher, Hans Joachim"]
[Result "1/2-1/2"]
[WhiteElo "1884"]
[BlackElo "2048"]
[PlyCount "71"]
[EventDate "2018.11.25"]
[EventType "tourn (corr)"]
[EventRounds "6"]
[EventCountry "GER"]
[SourceTitle "Corr 2022"]
[Source "ChessBase"]
[SourceDate "2021.10.24"]
[SourceVersion "1"]
[SourceVersionDate "2021.10.24"]
[SourceQuality "1"]

1. e4 e5 2. Nf3 Nc6 3. Bb5 a6 4. Bxc6 dxc6 5. 0-0 f6 6. d4 Bg4 7. c3 exd4 8. cxd4 Qd7 9. h3 Be6 10. Nc3 0-0-0 11. Bf4 g5 12. Bh2 g4 13. hxg4 Bxg4 14. d5 Bc5 15. b4 Bd6 16. e5 Bxf3 17. Qxf3 fxe5 18. dxc6 Qxc6 19. Qxc6 bxc6 20. a3 Nf6 21. Rfe1 Rhe8 22. Ne4 Nxe4 23. Rxe4 c5 24. g4 Re6 25. Kg2 cxb4 26. axb4 Kb7 27. Bf4 Rg8 28. Bd2 Rf6 29. Ra5 c6 30. Kf1 Bc7 31. Ra3 Bb6 32. f3 Rd6 33. Ke2 Rd5 34. Ra1 Rgd8 35. Bc3 R8d7 36. Rh1 1/2-1/2

[Event "GER OS-347 email"]
[Site "GER email"]
[Date "2018.05.24"]
[Round "?"]
[White "Gebauer, Klaus"]
[Black "Ruppelt, Karl Heinz"]
[Result "0-1"]
[WhiteElo "1461"]
[BlackElo "1874"]
[PlyCount "117"]
[EventDate "2018.06.12"]
[EventType "tourn (corr)"]
[EventRounds "6"]
[EventCountry "GER"]
[SourceTitle "Corr 2022"]
[Source "ChessBase"]
[SourceDate "2021.10.24"]
[SourceVersion "1"]
[SourceVersionDate "2021.10.24"]
[SourceQuality "1"]

1. e4 e6 2. d4 d5 3. e5 c5 4. c3 Qb6 5. Nf3 Nc6 6. a3 c4 7. Be2 Bd7 8. Nbd2 Na5 9. 0-0 Be7 10. Rb1 Rc8 11. Qc2 Qc7 12. Re1 Bd8 13. Nf1 Ne7 14. Bf4 0-0 15. Ng5 Ng6 16. Be3 Nb3 17. Bh5 Bxg5 18. Bxg5 Ba4 19. Ng3 h6 20. Bxg6 hxg5 21. Bh5 Nc5 22. Qd2 Nd3 23. Re2 Nf4 24. Ree1 Nd3 25. Rf1 f6 26. exf6 Rxf6 27. Qxg5 Bc2 28. Ra1 Nf4 29. Rac1 Bg6 30. Bxg6 Rxg6 31. Qh4 Rf8 32. Rcd1 b5 33. Rfe1 a5 34. Ra1 Qf7 35. Rf1 b4 36. axb4 axb4 37. cxb4 Qb7 38. Ra4 Qb6 39. Rd1 e5 40. Qe7 exd4 41. Qc5 d3 42. Qxb6 Rxb6 43. h3 Rfb8 44. Nf5 Rxb4 45. Ra7 Rxb2 46. Rxg7+ Kh8 47. Rg4 Rb1 48. Rxb1 Rxb1+ 49. Kh2 d2 50. Rxf4 d1Q 51. Rh4+ Kg8 52. Rg4+ Kf7 53. Rf4 Qh1+ 54. Kg3 Qe1 55. Nd6+ Ke6 56. Nf5 c3 57. Nd4+ Kd7 58. h4 Qe5 59. Nf3 0-1

[Event "GER OS-332 email"]
[Site "GER email"]
[Date "2017.11.14"]
[Round "?"]
[White "Rausch, Wolfgang"]
[Black "Ruppelt, Karl Heinz"]
[Result "1/2-1/2"]
[WhiteElo "1497"]
[BlackElo "1820"]
[PlyCount "59"]
[EventDate "2017.11.21"]
[EventType "tourn (corr)"]
[EventRounds "6"]
[EventCountry "GER"]
[SourceTitle "Corr 2020"]
[Source "ChessBase"]
[SourceDate "2019.09.30"]
[SourceVersion "1"]
[SourceVersionDate "2019.09.30"]
[SourceQuality "1"]

1. Nf3 d5 2. g3 g6 3. Bg2 Bg7 4. d4 Nf6 5. 0-0 c6 6. Nbd2 Bf5 7. c4 0-0 8. b3 Nbd7 9. Bb2 b5 10. h3 bxc4 11. g4 Ne4 12. gxf5 c3 13. f6 Ndxf6 14. Nxe4 dxe4 15. Bxc3 exf3 16. Bxf3 Qd7 17. Bg2 Nd5 18. Rc1 Nxc3 19. Rxc3 Rad8 20. Rxc6 Bxd4 21. e3 Bf6 22. Qxd7 Rxd7 23. Rfc1 Rfd8 24. Rc8 Rd1+ 25. Rxd1 Rxc8 26. Be4 e6 27. Kg2 a5 28. Rd6 Kf8 29. Ra6 Bc3 30. Rc6 1/2-1/2

[Event "GER HS-227 email"]
[Site "GER email"]
[Date "2017.06.19"]
[Round "?"]
[White "Ruppelt, Karl Heinz"]
[Black "Kuehn, Juergen"]
[Result "0-1"]
[WhiteElo "1845"]
[BlackElo "1989"]
[PlyCount "38"]
[EventDate "2017.06.23"]
[EventType "tourn (corr)"]
[EventRounds "6"]
[EventCountry "GER"]
[SourceTitle "Corr 2020"]
[Source "ChessBase"]
[SourceDate "2019.09.30"]
[SourceVersion "1"]
[SourceVersionDate "2019.09.30"]
[SourceQuality "1"]

1. d4 Nf6 2. c4 e6 3. Nf3 d5 4. Nc3 a6 5. cxd5 exd5 6. Bg5 Be7 7. e3 h6 8. Bf4 Bf5 9. Qd3 Bxd3 10. Bxd3 Bd6 11. 0-0 Bxf4 12. exf4 0-0 13. Ne5 c5 14. dxc5 Qa5 15. Rac1 Nc6 16. g3 Rfe8 17. Nxc6 bxc6 18. Rc2 Nd7 19. a3 Nxc5 0-1

[Event "GER HS-212 email"]
[Site "GER email"]
[Date "2016.10.04"]
[Round "?"]
[White "Reichgeld, Manfred"]
[Black "Ruppelt, Karl Heinz"]
[Result "0-1"]
[WhiteElo "1922"]
[BlackElo "1880"]
[PlyCount "64"]
[EventDate "2016.10.10"]
[EventType "tourn (corr)"]
[EventRounds "6"]
[EventCountry "GER"]
[SourceTitle "Corr 2020"]
[Source "ChessBase"]
[SourceDate "2019.09.30"]
[SourceVersion "1"]
[SourceVersionDate "2019.09.30"]
[SourceQuality "1"]

1. d4 Nf6 2. c4 e6 3. Nf3 Be7 4. Nc3 d5 5. Bf4 0-0 6. e3 Nbd7 7. Qc2 c5 8. dxc5 Nxc5 9. Be2 dxc4 10. Bxc4 a6 11. Rd1 Qe8 12. b4 Ncd7 13. Qb2 b5 14. Be2 Bb7 15. 0-0 Nb6 16. a3 Rc8 17. Rc1 Nc4 18. Bxc4 bxc4 19. Rfd1 Nd5 20. Nxd5 Bxd5 21. Qc2 c3 22. e4 Ba8 23. Be5 a5 24. Re1 axb4 25. axb4 f5 26. exf5 Rxf5 27. Nd4 Rg5 28. Bg3 Bxb4 29. Nxe6 Qc6 30. f3 Ra5 31. Nc7 Qc4 32. Nxa8 Rcxa8 0-1

[Event "GER HS-212 email"]
[Site "GER email"]
[Date "2016.10.04"]
[Round "?"]
[White "Ruppelt, Karl Heinz"]
[Black "Billinger, Werner"]
[Result "1/2-1/2"]
[WhiteElo "1880"]
[BlackElo "1992"]
[PlyCount "48"]
[EventDate "2016.10.10"]
[EventType "tourn (corr)"]
[EventRounds "6"]
[EventCountry "GER"]
[SourceTitle "Corr 2020"]
[Source "ChessBase"]
[SourceDate "2019.09.30"]
[SourceVersion "1"]
[SourceVersionDate "2019.09.30"]
[SourceQuality "1"]

1. d4 Nf6 2. c4 g6 3. Nf3 Bg7 4. Nc3 d5 5. cxd5 Nxd5 6. e4 Nxc3 7. bxc3 c5 8. Rb1 0-0 9. Be2 Nc6 10. d5 Ne5 11. Nxe5 Bxe5 12. Qc2 e6 13. f4 Bg7 14. dxe6 Bxe6 15. Rxb7 Qa5 16. e5 Rab8 17. Rxb8 Rxb8 18. Kf2 Bf8 19. c4 Bf5 20. Qd2 Qxd2 21. Bxd2 Rb2 22. Rd1 Rxa2 23. Be3 Kg7 24. Rd2 Ra4 1/2-1/2

[Event "GER HS-212 email"]
[Site "GER email"]
[Date "2016.10.04"]
[Round "?"]
[White "Ruppelt, Karl Heinz"]
[Black "Wernitz, Helmut"]
[Result "1/2-1/2"]
[WhiteElo "1880"]
[BlackElo "1699"]
[PlyCount "145"]
[EventDate "2016.10.10"]
[EventType "tourn (corr)"]
[EventRounds "6"]
[EventCountry "GER"]
[SourceTitle "Corr 2020"]
[Source "ChessBase"]
[SourceDate "2019.09.30"]
[SourceVersion "1"]
[SourceVersionDate "2019.09.30"]
[SourceQuality "1"]

1. d4 Nf6 2. c4 e6 3. Nc3 Bb4 4. e3 c5 5. Bd3 Nc6 6. Nge2 cxd4 7. exd4 d5 8. cxd5 Nxd5 9. 0-0 Nf6 10. a3 Bd6 11. Bg5 Be7 12. Bc2 Nd5 13. Bc1 0-0 14. Qd3 g6 15. Bh6 Re8 16. Rfd1 Bh4 17. g3 Bf6 18. Ne4 Bg7 19. Bxg7 Kxg7 20. Ba4 e5 21. dxe5 Rxe5 22. N2c3 Bf5 23. Qc4 Rc8 24. Bxc6 bxc6 25. Qd4 f6 26. Qxa7+ Rc7 27. Qd4 Qe7 28. f3 h5 29. h4 Rb7 30. Qf2 Bxe4 31. Nxe4 Rb3 32. Re1 g5 33. hxg5 fxg5 34. Rad1 g4 35. Nc3 Ne3 36. f4 Nxd1 37. Rxe5 Nxf2 38. Rxe7+ Kf8 39. Re2 Nd3 40. Nd1 Nxb2 41. Nxb2 Rxg3+ 42. Kh2 Rxa3 43. Nc4 Ra4 44. Rc2 h4 45. Ne5 Kg7 46. Nxg4 Rxf4 47. Kh3 Rf3+ 48. Kxh4 c5 49. Rxc5 Rf4 50. Kg5 Rf1 51. Re5 Rf3 52. Ra5 Rf1 53. Ra7+ Rf7 54. Ra8 Rf8 55. Ra6 Rf1 56. Ne3 Rf8 57. Ra7+ Kh8 58. Nf5 Rb8 59. Nd6 Rb1 60. Kg6 Rg1+ 61. Kf6 Kg8 62. Nf5 Rf1 63. Ra8+ Kh7 64. Ra6 Kg8 65. Ra5 Rf2 66. Rb5 Rf1 67. Rb8+ Kh7 68. Rb6 Rf2 69. Re6 Kg8 70. Re3 Kf8 71. Ke6 Rf1 72. Rh3 Re1+ 73. Kf6 1/2-1/2

[Event "GER HS-212 email"]
[Site "GER email"]
[Date "2016.10.04"]
[Round "?"]
[White "Ruppelt, Karl Heinz"]
[Black "Zordick, Milon"]
[Result "1/2-1/2"]
[WhiteElo "1880"]
[BlackElo "1984"]
[PlyCount "66"]
[EventDate "2016.10.10"]
[EventType "tourn (corr)"]
[EventRounds "6"]
[EventCountry "GER"]
[SourceTitle "Corr 2020"]
[Source "ChessBase"]
[SourceDate "2019.09.30"]
[SourceVersion "1"]
[SourceVersionDate "2019.09.30"]
[SourceQuality "1"]

1. d4 d5 2. c4 e6 3. Nc3 Bb4 4. cxd5 exd5 5. Bf4 c5 6. dxc5 Nf6 7. e3 Nc6 8. Bd3 d4 9. exd4 Qxd4 10. Nge2 Qxc5 11. Rc1 Bf5 12. a3 Bxd3 13. Qxd3 Bxc3+ 14. Qxc3 Qd5 15. 0-0 0-0 16. Rfd1 Qb5 17. Nd4 Nxd4 18. Qxd4 Rfe8 19. f3 b6 20. Qd3 Qxd3 21. Rxd3 h5 22. Kf2 Rad8 23. Rcd1 Rxd3 24. Rxd3 Rc8 25. b4 Kf8 26. Kg3 Ke7 27. Bg5 Rc2 28. h3 Rc4 29. Bxf6+ gxf6 30. h4 f5 31. f4 Ke6 32. Kf3 a5 33. Re3+ Kd6 1/2-1/2

[Event "GER OS-293 email"]
[Site "GER email"]
[Date "2016.04.28"]
[Round "?"]
[White "Fischer, Alexander"]
[Black "Ruppelt, Karl Heinz"]
[Result "0-1"]
[WhiteElo "1645"]
[BlackElo "1788"]
[PlyCount "48"]
[EventDate "2016.05.04"]
[EventType "tourn (corr)"]
[EventRounds "6"]
[EventCountry "GER"]
[SourceTitle "Corr 2020"]
[Source "ChessBase"]
[SourceDate "2019.09.30"]
[SourceVersion "1"]
[SourceVersionDate "2019.09.30"]
[SourceQuality "1"]

1. d4 d5 2. Nf3 Nf6 3. Bf4 c5 4. dxc5 e6 5. e3 Bxc5 6. Bb5+ Nbd7 7. 0-0 0-0 8. Bxd7 Nxd7 9. c3 f6 10. Qb3 Nb6 11. Nbd2 e5 12. Bg3 Qe8 13. a4 Be6 14. Qc2 a5 15. Rfd1 Qc6 16. h3 Rfe8 17. b3 Rac8 18. Ne1 Be7 19. Rdc1 Nd7 20. Qd1 Qa6 21. Qh5 Bf8 22. c4 dxc4 23. Nxc4 Nc5 24. Nd2 Red8 0-1

[Event "GER OS-286 email"]
[Site "GER email"]
[Date "2016.02.05"]
[Round "?"]
[White "Jarecki, Marian"]
[Black "Ruppelt, Karl Heinz"]
[Result "1/2-1/2"]
[WhiteElo "1788"]
[BlackElo "1788"]
[PlyCount "92"]
[EventDate "2016.02.12"]
[EventType "tourn (corr)"]
[EventRounds "6"]
[EventCountry "GER"]
[SourceTitle "Corr 2020"]
[Source "ChessBase"]
[SourceDate "2019.09.30"]
[SourceVersion "1"]
[SourceVersionDate "2019.09.30"]
[SourceQuality "1"]

1. d4 Nf6 2. Nc3 d5 3. Bf4 e6 4. a3 Bd6 5. e3 Bxf4 6. exf4 b6 7. Nf3 Bb7 8. Qd2 0-0 9. Rd1 h6 10. Bd3 c5 11. 0-0 Nc6 12. Qe3 cxd4 13. Nxd4 Ng4 14. Qe2 Nxd4 15. Qxg4 Qf6 16. Rd2 Rad8 17. Rfd1 Rc8 18. Ne2 Nxe2+ 19. Rxe2 Qxb2 20. f5 exf5 21. Qxf5 g6 22. Qh3 Kg7 23. Re7 Bc6 24. Qg4 Qf6 25. Rxa7 Rfe8 26. Qb4 b5 27. Ra6 Re6 28. h3 d4 29. Bf1 Qf4 30. c3 Bxg2 31. Rxe6 Bf3 32. Rxd4 Qg5+ 33. Kh2 fxe6 34. Qxb5 Qxb5 35. Bxb5 Rxc3 36. Rd7+ Kf6 37. Rd3 Rxd3 38. Bxd3 Bc6 39. Bc2 g5 40. Kg3 e5 41. a4 h5 42. h4 e4 43. a5 Bb7 44. Bd1 Kf5 45. Be2 gxh4+ 46. Kxh4 e3 1/2-1/2

[Event "GER HS-196 email"]
[Site "GER email"]
[Date "2015.12.28"]
[Round "?"]
[White "Ruppelt, Karl Heinz"]
[Black "Herzog, Klaus"]
[Result "1-0"]
[WhiteElo "1788"]
[BlackElo "1771"]
[PlyCount "65"]
[EventDate "2016.01.04"]
[EventType "tourn (corr)"]
[EventRounds "6"]
[EventCountry "GER"]
[SourceTitle "Corr 2020"]
[Source "ChessBase"]
[SourceDate "2019.09.30"]
[SourceVersion "1"]
[SourceVersionDate "2019.09.30"]
[SourceQuality "1"]

1. e4 e5 2. Nc3 Nf6 3. Nf3 Nc6 4. Bc4 Bc5 5. 0-0 d6 6. Nd5 Nxe4 7. d3 Nxf2 8. Rxf2 Bxf2+ 9. Kxf2 Be6 10. Qe1 Ne7 11. Nxe7 Qxe7 12. Qb4 0-0-0 13. Bxe6+ Qxe6 14. Be3 a6 15. Kg1 Rhe8 16. Bf2 f5 17. c4 h6 18. Qc3 g5 19. Rc1 e4 20. dxe4 fxe4 21. Re1 d5 22. c5 Rf8 23. Nd4 Qf6 24. Be3 c6 25. a4 Kd7 26. Qb3 Rb8 27. Qd1 Rf7 28. b4 Ra8 29. Qh5 Ke7 30. h4 gxh4 31. Re2 Qf1+ 32. Kh2 Kd7 33. Rb2 1-0

[Event "GER HS-196 email"]
[Site "GER email"]
[Date "2015.12.28"]
[Round "?"]
[White "Ruppelt, Karl Heinz"]
[Black "Schwarte, Joachim"]
[Result "1-0"]
[WhiteElo "1788"]
[BlackElo "1894"]
[PlyCount "99"]
[EventDate "2016.01.04"]
[EventType "tourn (corr)"]
[EventRounds "6"]
[EventCountry "GER"]
[SourceTitle "Corr 2020"]
[Source "ChessBase"]
[SourceDate "2019.09.30"]
[SourceVersion "1"]
[SourceVersionDate "2019.09.30"]
[SourceQuality "1"]

1. e4 c5 2. Nf3 d6 3. d4 cxd4 4. Nxd4 Nf6 5. Nc3 a6 6. Be2 e5 7. Nb3 Be7 8. Qd3 0-0 9. Be3 Nbd7 10. g4 h6 11. h4 Nh7 12. g5 hxg5 13. hxg5 Bxg5 14. Qxd6 Be7 15. Qd3 Ndf6 16. 0-0-0 Qxd3 17. Bxd3 g6 18. f3 Be6 19. Na5 Rab8 20. Bc4 Bd8 21. Bxe6 Bxa5 22. Bb3 Bxc3 23. bxc3 Rfd8 24. Rd3 Rbc8 25. Kb2 Re8 26. Rd6 Red8 27. Rb6 Rd7 28. a4 Rdc7 29. Bh6 Kh8 30. a5 Rd7 31. f4 Nxe4 32. fxe5 Nc5 33. Rd6 Rxd6 34. exd6 Nxb3 35. cxb3 Rd8 36. Re1 Nf6 37. Bf4 Nh5 38. Bh2 f5 39. c4 f4 40. c5 Kg7 41. b4 Kf6 42. Re7 g5 43. Bg1 g4 44. Bd4+ Kf5 45. Rxb7 g3 46. c6 Ke6 47. c7 Rc8 48. Rb8 Kxd6 49. Rxc8 Kd7 50. Rh8 1-0

[Event "GER rap12 FSM/V01 email"]
[Site "GER email"]
[Date "2015.12.26"]
[Round "?"]
[White "Ruppelt, Karl Heinz"]
[Black "Offenborn, Heinz"]
[Result "1/2-1/2"]
[WhiteElo "1794"]
[BlackElo "2098"]
[PlyCount "100"]
[EventDate "2015.12.28"]
[EventType "tourn (corr)"]
[EventRounds "4"]
[EventCountry "GER"]
[SourceTitle "Corr 2020"]
[Source "ChessBase"]
[SourceDate "2019.09.30"]
[SourceVersion "1"]
[SourceVersionDate "2019.09.30"]
[SourceQuality "1"]

1. d4 d5 2. c4 c6 3. cxd5 cxd5 4. Bf4 Nf6 5. e3 Qb6 6. Qb3 Qxb3 7. axb3 Nc6 8. Nc3 Bd7 9. Nf3 e6 10. h3 Bb4 11. Bd3 Na5 12. Nd2 Rc8 13. 0-0 Bxc3 14. bxc3 Rxc3 15. Rxa5 Rxd3 16. Rxa7 Ke7 17. Ra2 Rc8 18. b4 Ne8 19. g4 Nd6 20. Bxd6+ Kxd6 21. Kg2 f6 22. Rfa1 e5 23. dxe5+ fxe5 24. Rb2 Rdc3 25. Kg3 Bc6 26. b5 Be8 27. Ra7 Rc2 28. Rxc2 Rxc2 29. Nf3 Rc7 30. b6 Re7 31. Nh4 g6 32. Ra5 Kc6 33. Nf3 Bf7 34. Kh4 Kxb6 35. Ra8 Re8 36. Rxe8 Bxe8 37. Nxe5 Kc5 38. Kg5 d4 39. Kf4 Kd5 40. exd4 Kxd4 41. Nf3+ Kd3 42. Ke5 b5 43. Nd4 g5 44. Nb3 Kc3 45. Na5 Bf7 46. Nb7 b4 47. Na5 Kd3 48. f4 gxf4 49. Kxf4 Bd5 50. Ke5 b3 1/2-1/2

[Event "GER HS-191 email"]
[Site "GER email"]
[Date "2015.09.21"]
[Round "?"]
[White "Nepsen, Roland"]
[Black "Ruppelt, Karl Heinz"]
[Result "0-1"]
[WhiteElo "1881"]
[BlackElo "1779"]
[PlyCount "92"]
[EventDate "2015.09.28"]
[EventType "tourn (corr)"]
[EventRounds "6"]
[EventCountry "GER"]
[SourceTitle "Corr 2020"]
[Source "ChessBase"]
[SourceDate "2019.09.30"]
[SourceVersion "1"]
[SourceVersionDate "2019.09.30"]
[SourceQuality "1"]

1. c4 e5 2. g3 Nc6 3. Nc3 Bc5 4. Bg2 Nf6 5. Nf3 d6 6. 0-0 0-0 7. e3 Bg4 8. h3 Bh5 9. d3 h6 10. a3 a5 11. b3 Re8 12. Bb2 Qc8 13. Rc1 Bb6 14. Re1 Ne7 15. g4 Bg6 16. e4 Qd8 17. d4 Nc6 18. d5 Nd4 19. Na4 Nxf3+ 20. Qxf3 Ba7 21. c5 h5 22. Qe2 Qe7 23. Rc3 dxc5 24. g5 Nh7 25. h4 f6 26. gxf6 Nxf6 27. Bh3 Rf8 28. Rg3 c4 29. Rf1 Qe8 30. Nc3 cxb3 31. a4 Bd4 32. Ba3 Bxc3 33. Rxc3 Qxa4 34. Bxf8 Rxf8 35. Rxc7 Qb4 36. Bc8 b5 37. Be6+ Kh7 38. Rb7 Nxe4 39. Qxb5 Qxb5 40. Rxb5 Nd2 41. Ra1 Nf3+ 42. Kg2 Be4 43. Raxa5 Nd4+ 44. Kg1 Rf6 45. Rb8 Rg6+ 46. Kh2 Nf3+ 0-1

[Event "GER HS-191 email"]
[Site "GER email"]
[Date "2015.09.21"]
[Round "?"]
[White "Ruppelt, Karl Heinz"]
[Black "Berg, Juergen"]
[Result "1/2-1/2"]
[WhiteElo "1779"]
[BlackElo "2004"]
[PlyCount "104"]
[EventDate "2015.09.28"]
[EventType "tourn (corr)"]
[EventRounds "6"]
[EventCountry "GER"]
[SourceTitle "Corr 2020"]
[Source "ChessBase"]
[SourceDate "2019.09.30"]
[SourceVersion "1"]
[SourceVersionDate "2019.09.30"]
[SourceQuality "1"]

1. c4 e5 2. Nc3 Nf6 3. Nf3 Nc6 4. e4 Bb4 5. d3 d6 6. Be2 Bc5 7. a3 Nd4 8. 0-0 0-0 9. b4 Bb6 10. Nxd4 Bxd4 11. Qc2 c6 12. Rb1 Be6 13. a4 a5 14. b5 Nd7 15. Ba3 Qe7 16. Bf3 Bc5 17. Bxc5 Nxc5 18. Rfd1 Qg5 19. d4 exd4 20. Rxd4 Rad8 21. Qd1 Qe5 22. h4 f6 23. bxc6 bxc6 24. Rb6 Rc8 25. h5 Rfd8 26. Qd2 Rc7 27. Bd1 Bf7 28. Bg4 h6 29. f4 Qe7 30. Qe3 Kh8 31. Rb1 Be6 32. Bxe6 Nxe6 33. Rd2 Nc5 34. Rd4 Rcd7 35. Rb6 Rc8 36. Rb1 Qe8 37. Rbd1 Rcd8 38. Qf3 Nb3 39. R4d3 Qe6 40. f5 Qf7 41. Ne2 Nc5 42. Rd4 Nxa4 43. Nf4 Nc5 44. Qh3 Re8 45. Qe3 Kh7 46. Rxd6 Rxd6 47. Rxd6 Qxc4 48. Rxc6 Rxe4 49. Qg3 Qc1+ 50. Kh2 Qxf4 51. Qxf4 Rxf4 52. Rxc5 a4 1/2-1/2